| 000 | 01125cam a2200337M 4500 | ||
|---|---|---|---|
| 999 |
_c710 _d710 |
||
| 001 | 70408208 | ||
| 003 | OCoLC | ||
| 005 | 20180823094855.0 | ||
| 008 | 710419s1970 enk b 001 0 eng d | ||
| 020 | _a0310287618 | ||
| 020 | _a9780310287612 | ||
| 035 | _a(OCoLC)70408208 | ||
| 040 |
_aCOCUF _cCOCUF _dSMSOH |
||
| 050 | 0 |
_aBS2589 _b.M37 |
|
| 082 |
_a226 _bM367L |
||
| 092 |
_a226.4 _bM368h |
||
| 100 | 1 | _aMarshall, I. Howard. | |
| 245 | 1 | 0 |
_aLuke : _bhistorian and theologian / _cby I. Howard Marshall. |
| 260 |
_aGrand Rapids, MI : _bZondervan, _c1971. |
||
| 300 | _a238 p. ; 21 cm. | ||
| 490 | 0 | _aContemporary evangelical perspectives | |
| 504 | _aIncludes bibliographical references and indexes. | ||
| 630 | 0 | 0 |
_aBible. _pN.T. _pLuke _xTheology. |
| 630 | 0 | 0 |
_aBible. _pN.T. _pActs _xTheology. |
| 630 | 0 | 0 |
_aBible. _pN.T. _pLuke _xHistory of Biblical events. |
| 630 | 0 | 0 |
_aBible. _pN.T. _pActs _xHistory of Biblical events. |
| 630 | 0 | 0 |
_aBible. _pN.T. _pLuke _xHistory of contemporary events. |
| 630 | 0 | 0 |
_aBible. _pN.T. _pActs _xHistory of contemporary events. |
| 650 | 0 |
_aSalvation _xBiblical teaching. |
|
| 942 |
_2ddc _cBK |
||